00381nam a2200169Ia 4500008004100000041000800041100001100049245004500060250000800105260002400113300000800137365001200145500000900157520001200166650001400178999001900192230605s9999 xx 000 0 und d aeng aKazami aStrategic management and business policy a9th bTata Mc Graw Hill  a698 b281h25 a1993 aGeneral aSTRATEGIC c418985d418985